banner-ar

التمويل والادارة المالية فى المشروعات التجارية / (Record no. 37805)

MARC details
000 -الفاتح
حقل البيانات ثابتة الطول 00400nam a2200133Ia 4500
008 - عناصر البيانات ثابتة الطول - معلومات عامة
حقل البيانات ثابتة الطول 140319s9999 xx 000 0 ara d
040 ## - مصدر الفهرسة
وكالة الفهرسة الأصلية GCL /
وكالة النسخ GCL
082 04 - رقم تصنيف ديوى العشرى
رقم التصنيف 658.15
رقم المادة ح ت
100 1# - المدخل الرئيسى - إسم شخصى
الإسم الشخصى حسن احمد توفيق
245 10 - بيان العنوان
العنوان التمويل والادارة المالية فى المشروعات التجارية /
بيان المسئوليه,etc حسن احمد توفيق
300 ## - الوصف المادى
التعداد 434 ص
490 ## - بيان السلسلة
عنوان السلسلة
Holdings
حالة التراجع حالة الفقد حالة تلف ليس للاعارة المكان المؤقت الموقع الحالى تاريخ الاكتساب اجمالي اﻻعارات رقم الطلب الباركود تاريخ اخر مشاهدة تاريخ تفعيل السعر نوع وعاء كوها
        مكتبة القاهرة الكبرى مكتبة القاهرة الكبرى 03/26/2014   658.15\ح ت 92291 03/26/2014 03/26/2014 كتاب
        مكتبة القاهرة الكبرى مكتبة القاهرة الكبرى 03/26/2014   658.15\ح ت 92292 03/26/2014 03/26/2014 كتاب

Powered By

EGPV